VAPT : Vulnerability assessment and penetration testing of mydeals247 website (Record no. 5050)
[ view plain ]
| 000 -LEADER | |
|---|---|
| fixed length control field | 01303nam a22001697a 4500 |
| 003 - CONTROL NUMBER IDENTIFIER | |
| control field | OSt |
| 005 - DATE AND TIME OF LATEST TRANSACTION | |
| control field | 20220107122810.0 |
| 008 - FIXED-LENGTH DATA ELEMENTS--GENERAL INFORMATION | |
| fixed length control field | 160329b xxu||||| |||| 00| 0 eng d |
| 040 ## - CATALOGING SOURCE | |
| Transcribing agency | |
| 100 ## - MAIN ENTRY--PERSONAL NAME | |
| Personal name | Ved Prakash (93613036) |
| 9 (RLIN) | 8771 |
| 245 ## - TITLE STATEMENT | |
| Title | VAPT : Vulnerability assessment and penetration testing of mydeals247 website |
| 502 ## - DISSERTATION NOTE | |
| Degree type | Master of Science in Computer Science and Information security |
| Name of granting institution | 2013-2015 |
| Year degree granted | EXT |
| -- | Meraj Uddin |
| -- | Vomshi Krishna |
| Miscellaneous information | "MyDeals247 Eccommerce Pvt Ltd." |
| 520 ## - SUMMARY, ETC. | |
| Summary, etc. | <br/>Hiding a secret is needed in many situations. One might need to hide a password, anencryption key, a secret recipe, and etc. Information can be secured with encryption, but the need to secure the secret key used for such encryption is important too.Ecommerce website need to update constantly in technical perspective and marketing perspective . This project is based on SHA1 algorithm and VAPT tools for web application security and proper functioning. It is a form of secret hiding,error hiding and detecting loopholes in a web applications where a secret is divided into parts, giving each participant its own unique part, where some of the parts or all of them are needed in order to reconstruct the secret.<br/> |
| 650 ## - SUBJECT ADDED ENTRY--TOPICAL TERM | |
| Topical term or geographic name entry element | SECURITY AND PRIVACY |
| 9 (RLIN) | 8772 |
| 650 ## - SUBJECT ADDED ENTRY--TOPICAL TERM | |
| Topical term or geographic name entry element | NETWORK SECURITY |
| 9 (RLIN) | 8773 |
| 942 ## - ADDED ENTRY ELEMENTS (KOHA) | |
| Source of classification or shelving scheme | Dewey Decimal Classification |
| Koha item type | |
| Withdrawn status | Lost status | Source of classification or shelving scheme | Damaged status | Not for loan | Home library | Current library | Date acquired | Total Checkouts | Barcode | Date last seen | Price effective from | Koha item type |
|---|---|---|---|---|---|---|---|---|---|---|---|---|
| Dewey Decimal Classification | IIITM-K | Kerala University of Digital Sciences, Innovation and Technology Knowledge Centre | 29/03/2016 | R-735 | 29/03/2016 | 29/03/2016 | Project Reports |